| 000 | 00588nam a2200205 a 4500 | ||
|---|---|---|---|
| 005 | 20240919064344.0 | ||
| 008 | 010709s1983 mx r 000 0 spa d | ||
| 020 | _a9684515804 | ||
| 035 | _aUPN01000130855 | ||
| 049 | _aCG | ||
| 050 | 4 |
_aHB171.5 _bS2.38 1983 |
|
| 100 | 1 |
_aSamuelson, Paul Anthony, _d1915- _929924 |
|
| 245 | 1 | 0 |
_aEconomía / _cPaul A. Samuelson ; tr. Manuel Gala Muñoz. |
| 250 | _a11a ed. | ||
| 260 |
_aMéxico : _bMcGraw-Hill, _cc1983. |
||
| 300 |
_axxviii, 986 p. : _bil. |
||
| 534 |
_pTraducción de: _tEconomics |
||
| 650 | 4 |
_aEconomía _911541 |
|
| 905 | _aLibro | ||
| 999 |
_c103012 _d103012 |
||